Les 25 plus gros succès du box-office 2022 en France - Statistiques

Statistiques générales
  • Ce quiz a été pris 45 fois
  • Le résultat moyen est 5 sur 25
Statistiques - réponses
Box-office Réalisateur Films % Correct
14 171 783 James Cameron Avatar : La Voie de l'eau
95%
3 743 149 Ryan Coogler Black Panther: Wakanda Forever
40%
2 393 412 Cédric Jimenez Novembre
40%
6 676 071 Joseph Kosinski Top Gun Maverick
40%
2 943 419 Taika Waititi Thor: Love and Thunder
38%
3 032 965 Matt Reeves The Batman
33%
1 204 686 Baz Luhrmann Elvis
28%
1 835 528 Philippe Lacheau Super-héros malgré lui
28%
3 391 204 Sam Raimi Doctor Strange in the Multiverse of Madness
25%
3 552 448 Colin Trevorrow Jurassic World : Le Monde d'après
23%
2 752 361 David Yates Les Animaux fantastiques : Les Secrets de Dumbledore
23%
1 560 111 David Leitch Bullet Train
18%
2 453 585 Philippe de Chauveron Qu'est-ce qu'on a tous fait au Bon Dieu ?
15%
2 071 225 Jaume Collet-Serra Black Adam
13%
3 041 120 Joel Crawford et Januel Mercado Le Chat potté 2 : La Dernière Quête
13%
3 962 359 Kyle Balda Les Minions 2 : Il était une fois Gru
13%
1 400 714 Cédric Klapisch En corps
10%
2 470 046 Olivier Dahan Simone, le voyage du siècle
10%
1 222 333 Parker Finn Smile
10%
2 514 261 Ruben Fleischer Uncharted
10%
2 046 074 Thomas Gilou Maison de retraite
8%
1 547 047 Angus MacLane Buzz l'Éclair
5%
2 236 393 Jeff Fowler Sonic 2, le film
5%
1 148 147 Jared Stern et John Whittington Krypto et les Super-Animaux
3%
1 353 365 Laurent Zeitoun et Theodore Ty Vaillante
0%
Aucun quiz correspondant
Distribution des résultats
% des personnes avec chaque résultat
Percentile par nombre de réponses
Votre historique - résultats
Vous n’avez pas pris ce quiz